000 00553nam a2200157Ia 4500
008 220216s9999 xx 000 0 und d
100 _aKrishnakumar A.K.
245 0 _aMarket driven extension approach in commodity crops development programmes
260 _bPlacrosym XVI, 2004, Kasaragod, India. Journal of Plantation Crops, 32(Supplement): 454-458.
_c2004
650 _aAgribusiness consortium
650 _aDevelopment scheme
650 _aExtension
650 _aHuman resource development
650 _aRubber producers' society
942 _cBS
999 _c52593
_d52593